L'adoration et le cycle des mages dans l'art chrétien primitif

Guardat en:
Dades bibliogràfiques
Autor principal: Vezin, Gilberte (Autor)
Format: Llibre
Idioma:francès
Publicat: París Presses Universitaires de France 1950
Matèries:
Etiquetes: Afegir etiqueta
Sense etiquetes, Sigues el primer a etiquetar aquest registre!

MARC

LEADER 00000nam a2200000 a 4500
001 UCO0176
003 CL-VaPUC
008 000420e19500000FR |||||||||||||||||fre|d
082 0 4 |a 709.02  |b VEZ  |2 21 
100 0 |a Vezin, Gilberte  |e author  |9 441255 
245 1 2 |a L'adoration et le cycle des mages dans l'art chrétien primitif 
300 |a 128 p 
942 |c BK 
945 |d 20000420 00:00:00  |a crobeson 
260 |a París  |b Presses Universitaires de France  |c 1950 
500 |a Incluye láminas 
650 0 |a Arte cristiano  |9 265204 
650 0 |a Cristianismo primitivo  |9 439779 
650 0 |a Arte   |v Historia  |9 267548 
583 |a last modification  |c 20000420 00:00:00  |k Rodrigo Vera 
999 |c 286892  |d 286890 
952 |0 0  |1 0  |4 0  |6 709_020000000000000_VEZ_1950  |7 0  |8 X  |9 333157  |a BIBHIS  |b BIBHIS  |d 2019-11-20  |i 1399209  |o 709.02 VEZ 1950  |p 1399209  |r 2024-01-30  |w 2019-11-20  |y BK_X  |k HIS